00415nam a22001457a 450000500170000000800410001702000160005804100120007408200120008610000120009824500520011026000500016230000320021265000250024420240816070054.0240816b |||||||| |||| 00| 0 eng d a040687963 X aEnglish a349 ENG lEnglish aThe All England Law Reports: Annual Review 1986 aLondon: bButterworth Publishers (Ltd, c1986 bxxxiv, 324 pages; c25 cm.  aLegal practice bLaw